| 000 | 00474nam a22001817a 4500 | ||
|---|---|---|---|
| 003 | OSt | ||
| 005 | 20260414084912.0 | ||
| 008 | 260414b |||||||| |||| 00| 0 eng d | ||
| 020 | _a0-440-24107-3 | ||
| 040 |
_aDWC-Main lib. _cOC |
||
| 082 | _aFic. Gr869s 2002 | ||
| 100 | _aGrisham, John | ||
| 245 |
_aThe summons/ _cJohn Grisham |
||
| 260 |
_aNew York : _bBantam Dell, _cc2002. |
||
| 300 |
_a373 p. ; _c17 cm. |
||
| 650 | _a1. Fiction. | ||
| 942 |
_2ddc _cFIC. _hFic. _n0 |
||
| 999 |
_c9412 _d9412 |
||